[Event "FRA-chTA U20 1011"]
[Site "France"]
[Date "2010.11.21"]
[Round "3.6"]
[White "Ferrari, Louis"]
[Black "Marty, Pierre Michel"]
[Result "1-0"]
[WhiteElo "1608"]
[BlackElo "1160"]
[PlyCount "73"]
[EventDate "2010.11.21"]
[EventType "team-tourn"]
[EventRounds "7"]
[EventCountry "FRA"]
[SourceTitle "EXT 2012"]
[Source "ChessBase"]
[SourceDate "2011.11.24"]
[SourceVersion "1"]
[SourceVersionDate "2011.11.24"]
[SourceQuality "1"]
[WhiteTeam "Hyeres"]
[BlackTeam "Montpellier"]
[WhiteTeamCountry "FRA"]
[BlackTeamCountry "FRA"]

1. c4 Nc6 2. Nc3 e5 3. Nf3 Nf6 4. g3 Bc5 5. Nxe5 Nxe5 6. d4 Nxc4 7. dxc5 d5 8. Bg5 c6 9. Qc2 h6 10. Bf4 g5 11. Bd2 Be6 12. Bg2 b6 13. cxb6 Qxb6 14. b3 Nxd2 15. Qxd2 0-0-0 16. Rc1 Ne4 17. Nxe4 dxe4 18. Qc3 Rd6 19. Qxh8+ Rd8 20. Qc3 Bd5 21. 0-0 f6 22. Qxf6 e3 23. Bxd5 exf2+ 24. Qxf2 Qb5 25. Rxc6+ Kb8 26. Bg2 Qa5 27. Qc5 Qxc5+ 28. Rxc5 a6 29. Rfc1 Rd7 30. Bh3 Rg7 31. Rc8+ Kb7 32. Bg2+ Ka7 33. R1c7+ Kb6 34. Rxg7 Ka5 35. Rb8 g4 36. a3 h5 37. Rg5# 1-0

[Event "FRA-chTA U20 1011"]
[Site "France"]
[Date "2010.11.21"]
[Round "2.6"]
[White "Marty, Pierre Michel"]
[Black "Raynaud, Jean Philippe"]
[Result "0-1"]
[WhiteElo "1160"]
[BlackElo "1620"]
[PlyCount "68"]
[EventDate "2010.11.21"]
[EventType "team-tourn"]
[EventRounds "7"]
[EventCountry "FRA"]
[SourceTitle "EXT 2012"]
[Source "ChessBase"]
[SourceDate "2011.11.24"]
[SourceVersion "1"]
[SourceVersionDate "2011.11.24"]
[SourceQuality "1"]
[WhiteTeam "Montpellier"]
[BlackTeam "Cannes"]
[WhiteTeamCountry "FRA"]
[BlackTeamCountry "FRA"]

1. Nf3 Nf6 2. d4 d5 3. Nc3 Bg4 4. Bg5 e6 5. h3 Bh5 6. g4 Bg6 7. e3 Bb4 8. Qd2 0-0 9. Bd3 Nbd7 10. Bxg6 fxg6 11. Ne5 c6 12. a3 Ba5 13. b4 Bb6 14. Nxd7 Qxd7 15. Bxf6 gxf6 16. e4 dxe4 17. Nxe4 Qxd4 18. c3 Qxe4+ 19. Qe2 Qxh1+ 20. Qf1 Qxf1+ 21. Kxf1 Rad8 22. c4 Rd2 23. f4 Bd4 24. Re1 Rf2+ 25. Kg1 Re2+ 26. Kf1 Rxe1+ 27. Kxe1 e5 28. Ke2 exf4 29. Kf3 Be3 30. a4 Rd8 31. b5 Rd2 32. bxc6 f5 33. gxf5 gxf5 34. c7 Rf2# 0-1